000 00489nam a2200169Ia 4500
999 _c10350
_d10350
003 OSt
005 20220314180439.0
008 220308s9999 xx 000 0 und d
020 _a9783037782200
082 _a720.92
_bMIC
100 _a Michael Merrill 
245 0 _aLouis Kahn : the Dominican Motherhouse and a modern culture of space. On the thoughtful making of spaces
260 _bMerrill, Michael, Dr.-Ing.
365 _cLars muller publishers
365 _d35
942 _2ddc